000 01148nam a2200265 a 4500
005 20180803165429.0
008 150210b2008 ck |||||r|||| 00| 0 spa d
020 _a9789584438881
040 _aCO-BoIAVH
_cCO-BoIAVH
041 _aspa
044 _ack
082 0 4 _a571.9991
_bO48p
090 _aLB
_b05674
100 1 _aOlivero Verbel, Jesús
_932806
245 1 0 _aParásitos en peces colombianos:
_bestán enfermando nuestros ecosistemas?
_cJesús Olivero y Rosa Baldiris
260 _aCartagena:
_bUniversidad de Cartagena,
_c2008.
300 _a120 p.
_c28 cm.
520 _aEl libro constituye un aporte fundamental para el desarrollo científico y académico de la Universidad de Cartagena, de la región y del país. Por la calidad del contenido y la fiabilidad de sus conclusiones, la obra enriquece el estado del arte en un tema cuyas implicaciones ambientales, sociales y económicas de salubridad humana se debaten en la actualidad.
650 _aPeces
_992349
650 4 _aParásitos
_98260
650 4 _aPatología animal
_932808
650 4 _911617
_aNematodos
700 1 _aBaldiris Avila, Rosa
_932809
942 _cLIBRO
_2ddc
999 _c7156
_d7156